00335nam a2200133Ia 4500008004100000020001500041082001600056100001600072245004800088260002500136300000800161650001500169700001700184221030s9999 xx 000 0 und d a8120326407 a105.23bGup aM. P. Gupta 0aQuantitative Techniques For Decision Making bPHIaNew Delhic2004 a465 aManagement aR. B. Khanna